<?xml version="1.0" encoding="UTF-8"?>
<collection xmlns="http://www.loc.gov/MARC21/slim">
    <record>
        <controlfield tag="001">66432</controlfield>
        <controlfield tag="005">20180223094536.0</controlfield>
        <datafield tag="037" ind1=" " ind2=" ">
            <subfield code="a">GDOC-2016-60420</subfield>
        </datafield>
        <datafield tag="041" ind1=" " ind2=" ">
            <subfield code="a">spa</subfield>
        </datafield>
        <datafield tag="100" ind1=" " ind2=" ">
            <subfield code="0">(orcid)0000-0003-4103-2116</subfield>
            <subfield code="1">133287</subfield>
            <subfield code="a">Pueyo Campos, Ángel</subfield>
        </datafield>
        <datafield tag="245" ind1="0" ind2="0">
            <subfield code="9">60420</subfield>
            <subfield code="a">Aplicaciones de las TIG a la ordenación del territorio: medio socioeconómico</subfield>
        </datafield>
        <datafield tag="242" ind1="0" ind2="0">
            <subfield code="9">60420</subfield>
            <subfield code="a">GIT applications for land planning: socio-economic area</subfield>
        </datafield>
        <datafield tag="260" ind1=" " ind2=" ">
            <subfield code="a">Zaragoza</subfield>
            <subfield code="b">Universidad de Zaragoza</subfield>
            <subfield code="c">2016-2017</subfield>
        </datafield>
        <datafield tag="520" ind1=" " ind2=" ">
            <subfield code="a">Breve presentación de la asignatura
Con esta materia se pretende capacitar al alumno para afrontar de forma adecuada el modelado y el desarrollo de aplicaciones operativas de las TIG mediante la representación de variables socioeconómicas con SIG, cartografía o infografía. Con tal finalidad se suceden presentaciones de casos de estudio (sesiones teóricas), en ocasiones complementadas por breves ejercicios prácticos con apoyo de herramienta informática, y visitas a instituciones con desarrollos operativos de las TIG.</subfield>
            <subfield code="b"> </subfield>
        </datafield>
        <datafield tag="521" ind1=" " ind2=" ">
            <subfield code="9">608</subfield>
            <subfield code="a">Tecnologías de la Información Geográfica para la Ordenación del Territorio: SIG y Teledetección</subfield>
        </datafield>
        <datafield tag="540" ind1=" " ind2=" ">
            <subfield code="a">by-nc-sa</subfield>
            <subfield code="b">Creative Commons</subfield>
            <subfield code="c">3.0</subfield>
            <subfield code="u">http://creativecommons.org/licenses/by-nc-sa/3.0/</subfield>
        </datafield>
        <datafield tag="830" ind1=" " ind2=" ">
            <subfield code="9">352</subfield>
        </datafield>
        <datafield tag="856" ind1="4" ind2=" ">
            <subfield code="s">14372</subfield>
            <subfield code="u">http://zaguan.unizar.es/record/66432/files/guia-60420-es.pdf</subfield>
            <subfield code="y">Guía (idioma español)</subfield>
        </datafield>
        <datafield tag="856" ind1="4" ind2=" ">
            <subfield code="s">7918</subfield>
            <subfield code="u">http://zaguan.unizar.es/record/66432/files/guia-60420-en.pdf</subfield>
            <subfield code="y">Guide (english)</subfield>
        </datafield>
        <datafield tag="970" ind1=" " ind2=" ">
            <subfield code="a">GDOC-2016-60420</subfield>
        </datafield>
        <datafield tag="980" ind1=" " ind2=" ">
            <subfield code="a">GDOC</subfield>
            <subfield code="b">Ciencias sociales y jurídicas</subfield>
            <subfield code="c">103</subfield>
        </datafield>
    </record>

    
</collection>